| 000 | 00406nam a2200157Ia 4500 | ||
|---|---|---|---|
| 008 | 210716s2009 xx 000 0 und d | ||
| 020 | _a9788120336735 | ||
| 041 | _aeng | ||
| 082 | _a657.046 RATS | ||
| 100 | _aRathore, Shirin. | ||
| 245 | _aInternational accounting. | ||
| 250 | _a2 | ||
| 260 |
_aNew Delhi _bPHI Learning private limited. _c2009 |
||
| 300 | _axiv,490/2012 | ||
| 650 | _aAccounting(657) | ||
| 999 |
_c208201 _d208201 |
||